| 000 | 00853nam a2200241 a 4500 | ||
|---|---|---|---|
| 005 | 20251203063947.0 | ||
| 008 | 020920s1997 ag r 000 0 spa d | ||
| 020 | _a9507010998 | ||
| 035 | _aUPN01000119412 | ||
| 049 | _aCG | ||
| 050 | 4 |
_aP92 C7 _bS2.4 1997 |
|
| 100 | 1 | _aSandroni, Laura Constancia | |
| 245 | 1 | 0 |
_aLectura y medios de comunicación de masas / _cLaura Constancia Sandroni ; colab. Luiz Raúl Manchado. |
| 250 | _a2a ed. | ||
| 260 |
_aBuenos Aires : _aSanta Fe de Bogotá : _bCERLAC : _bAique : _bColcultura, _c1997. |
||
| 300 | _a136 p. | ||
| 440 | 0 |
_aCoedicion latinoamericana de libros para la promoción de la lectura ; _v3 |
|
| 650 | 4 |
_aMedios masivos de comunicación _99547 |
|
| 650 | 4 |
_aPromoción de la lectura _96400 |
|
| 650 | 4 |
_aIntereses en la lectura _94851 |
|
| 700 | 1 |
_aManchado, Luiz Rául, _ecolab. |
|
| 905 | _aLibro | ||
| 999 |
_c91766 _d91766 |
||